[Event "Crawley e2e4 Gatwick op U1650"]
[Site "Crawley"]
[Date "2016.05.30"]
[Round "7"]
[White "Velayudham, Suriya"]
[Black "El Bachir, Eb Yacine"]
[Result "0-1"]
[WhiteElo "1041"]
[BlackElo "1097"]
[PlyCount "82"]
[EventDate "2016.05.27"]
[EventType "swiss"]
[EventRounds "7"]
[EventCountry "ENG"]
[SourceTitle "EXT 2019"]
[Source "ChessBase"]
[SourceDate "2018.10.10"]
[SourceVersion "1"]
[SourceVersionDate "2018.10.10"]
[SourceQuality "1"]

1. e4 e5 2. Nf3 Nc6 3. Bb5 a6 4. Bxc6 dxc6 5. Nc3 Bd6 6. d4 exd4 7. Qxd4 Nf6 8. e5 Qe7 9. 0-0 Bc5 10. exf6 gxf6 11. Qd3 Bd7 12. Re1 Be6 13. Nd4 0-0-0 14. Qc4 Bxc4 15. Rxe7 Bxe7 16. b3 Bc5 17. Be3 Bxd4 18. Bxd4 Rxd4 19. bxc4 Rxc4 20. Ne2 Rxc2 21. Nd4 Rc4 22. Nf5 Rf4 23. Ne7+ Kd8 24. g3 Rg4 25. Nf5 Re8 26. Rd1+ Kc8 27. Nh6 Rg7 28. Nf5 Rg5 29. Nh6 Re7 30. h3 Rh5 31. Ng8 Re6 32. h4 Ra5 33. Nh6 Rxa2 34. Nxf7 Re8 35. f4 Ra3 36. Kg2 Re2+ 37. Kh3 Kb8 38. Rd8+ Ka7 39. Rh8 f5 40. Rxh7 Raa2 41. g4 Ra3# 0-1